[Event "Cologne Longerich op 8th"]
[Site "Cologne"]
[Date "2011.08.13"]
[Round "3"]
[White "Meyer, Stefan1"]
[Black "Kenen, Albert"]
[Result "1-0"]
[WhiteElo "1673"]
[BlackElo "1452"]
[PlyCount "65"]
[EventDate "2011.08.12"]
[EventType "swiss"]
[EventRounds "5"]
[EventCountry "GER"]
[SourceTitle "EXT 2017"]
[Source "ChessBase"]
[SourceDate "2016.10.25"]
[SourceVersion "1"]
[SourceVersionDate "2016.10.25"]
[SourceQuality "1"]

1. d4 Nf6 2. c4 g6 3. Nc3 Bg7 4. e4 d6 5. Bd3 a6 6. Nge2 0-0 7. 0-0 c6 8. f4 b5 9. cxb5 axb5 10. Ng3 b4 11. Nce2 c5 12. e5 dxe5 13. dxe5 Nd5 14. Ne4 Qb6 15. Bc4 Rd8 16. Bxd5 e6 17. Bxa8 Rxd1 18. Rxd1 Ba6 19. N2g3 c4+ 20. Kh1 Qa7 21. Rd8+ Bf8 22. Nf6+ Kg7 23. Bf3 Qf2 24. Bd2 Nc6 25. Bxc6 Qc5 26. Bf3 c3 27. bxc3 bxc3 28. Nge4 Qa5 29. Rxf8 Kxf8 30. Bxc3 Qb5 31. Rd1 Qc4 32. Rd8+ Ke7 33. Re8# 1-0